00662nam a22001697a 4500003000400000005001700004008004000021040002500061100003500086245008700121260004700208300002800255500007700283942001400360952010100374999001700475OSt20201015111853.0201015b 2010 dr 00| 0 eng d aDO-SdBNPbspacBNPHU1 aMirabal, Jabes, d1974-94332210aEn medio de la maldad :buna mano ha sido cortada...por completo /cJabes Mirabal. aSanto Domingo : bGraphic Colonial,c2010. a131 p. bil. ;c22 cm.  aIncluye datos biográficos del autor en la solapa de la contracubierta. 2ddccLBS1 00102ddc708MOaPDbPDcCTd2020-10-15eNieves L. Enuteneo R.l0r2020-10-15w2020-10-15yLBS1 c48886d48886